[Event "Vicente Lopez ProAm 100 Years op"]
[Site "Buenos Aires"]
[Date "2022.10.11"]
[Round "1"]
[White "Cruz Pereyra, Andresantoni"]
[Black "Mekhitarian, Krikor Sevag"]
[Result "0-1"]
[WhiteElo "2034"]
[BlackElo "2544"]
[PlyCount "48"]
[EventDate "2022.10.11"]
[EventType "swiss"]
[EventRounds "9"]
[EventCountry "ARG"]
[SourceTitle "CBM 210 Extra"]
[Source "ChessBase"]
[SourceDate "2022.11.30"]
[SourceVersion "1"]
[SourceVersionDate "2022.11.30"]
[SourceQuality "1"]

1. e4 c5 2. Nc3 e6 3. f4 d5 4. Nf3 Nc6 5. Be2 Nf6 6. d3 Be7 7. 0-0 0-0 8. Kh1 a6 9. Qe1 b5 10. Qg3 b4 11. exd5 exd5 12. Nd1 Re8 13. c3 Bd6 14. Ng1 Rb8 15. Bf3 Bf5 16. Be2 bxc3 17. bxc3 d4 18. Qg5 Qd7 19. h3 Rxe2 20. Nxe2 Bxd3 21. cxd4 Bxe2 22. Re1 Bxd1 23. Rxd1 Ne4 24. Qh4 Nxd4 0-1

[Event "Lima Palma Memorial 2nd"]
[Site "Lima"]
[Date "2016.09.09"]
[Round "1.1"]
[White "Cruz Pereyra, Andresantoni"]
[Black "Arroyo Valenzuela, Luigi"]
[Result "1-0"]
[WhiteElo "1977"]
[BlackElo "1602"]
[PlyCount "43"]
[EventDate "2016.09.09"]
[EventType "swiss"]
[EventRounds "7"]
[EventCountry "PER"]
[SourceTitle "EXT 2024"]
[Source "ChessBase"]
[SourceDate "2023.10.10"]
[SourceVersion "1"]
[SourceVersionDate "2023.10.10"]
[SourceQuality "1"]

1. e4 Nf6 2. Nc3 d5 3. exd5 Nxd5 4. Nf3 Nxc3 5. bxc3 Bg4 6. Bc4 Nc6 7. Bxf7+ Kxf7 8. Ng5+ Kg8 9. Qxg4 Qd6 10. 0-0 Ne5 11. Qg3 c6 12. Ba3 Qxa3 13. Qxe5 Qd6 14. Qe4 Qd5 15. Qxd5+ cxd5 16. Ne6 Kf7 17. Rfe1 g6 18. Rab1 b6 19. Rb5 Bh6 20. Rxd5 Rac8 21. Rd7 Rhe8 22. Nc7 1-0

[Event "Santiago del Surco IRT Ricardo Palma"]
[Site "Santiago del Surco"]
[Date "2016.07.21"]
[Round "4.1"]
[White "Cruz Pereyra, Andresantoni"]
[Black "Alvarado Mendoza, Juan Jose"]
[Result "0-1"]
[WhiteElo "1989"]
[BlackElo "1701"]
[PlyCount "68"]
[EventDate "2016.07.18"]
[EventType "swiss"]
[EventRounds "7"]
[EventCountry "PER"]
[SourceTitle "EXT 2024"]
[Source "ChessBase"]
[SourceDate "2023.10.10"]
[SourceVersion "1"]
[SourceVersionDate "2023.10.10"]
[SourceQuality "1"]

1. c4 e6 2. g3 d5 3. Bg2 Nf6 4. Nf3 Be7 5. 0-0 0-0 6. b3 c5 7. d3 Nc6 8. Bd2 d4 9. Na3 e5 10. Nc2 Qc7 11. Rb1 Bd7 12. Re1 Rad8 13. b4 cxb4 14. Nxb4 Nxb4 15. Bxb4 Bc6 16. Bxe7 Qxe7 17. e3 Qc5 18. Qc2 Rfe8 19. exd4 exd4 20. Rxe8+ Nxe8 21. Nd2 Bxg2 22. Kxg2 Qc6+ 23. Kg1 Nc7 24. Qb3 b6 25. Qa3 a6 26. Qb2 b5 27. Rc1 Ne6 28. Nb3 bxc4 29. Rxc4 Qf3 30. Qc2 h5 31. Nd2 Qd5 32. Ne4 f5 33. Nc5 Ng5 34. Qe2 Nh3+ 0-1

[Event "PER-ch U20"]
[Site "Lima"]
[Date "2016.04.23"]
[Round "8"]
[White "Cruz Pereyra, Andresantoni"]
[Black "Sosa Cabrera, Paulo"]
[Result "1-0"]
[WhiteElo "1974"]
[BlackElo "1571"]
[PlyCount "75"]
[EventDate "2016.04.20"]
[EventType "swiss"]
[EventRounds "9"]
[EventCountry "PER"]
[SourceTitle "CBM 172 Extra"]
[Source "ChessBase"]
[SourceDate "2016.06.21"]
[SourceVersion "1"]
[SourceVersionDate "2016.06.21"]
[SourceQuality "1"]

1. c4 e5 2. Nc3 g6 3. g3 Bg7 4. Bg2 Ne7 5. Nf3 0-0 6. 0-0 c6 7. d4 d6 8. dxe5 dxe5 9. Qb3 Na6 10. e4 Nc5 11. Qa3 b6 12. Be3 Ne6 13. Rfd1 Qc7 14. Rac1 Rd8 15. Rxd8+ Nxd8 16. Rd1 Be6 17. b3 f6 18. Bxb6 Qxb6 19. Qxe7 Bf7 20. Na4 Qa5 21. Rd7 Bf8 22. Qxf6 Be6 23. Rxd8 Rxd8 24. Qxe6+ Kh8 25. Qxe5+ Qxe5 26. Nxe5 Rd1+ 27. Bf1 Re1 28. Nxc6 Rxe4 29. Nxa7 Re7 30. Nb5 h5 31. c5 h4 32. Kg2 Re1 33. Bc4 hxg3 34. hxg3 Kg7 35. c6 Re8 36. c7 Bb4 37. Be6 Rxe6 38. c8Q 1-0

[Event "PER-ch U20"]
[Site "Lima"]
[Date "2016.04.22"]
[Round "5"]
[White "Cruz Pereyra, Andresantoni"]
[Black "Quirhuayo Chumbe, German Gonzalo"]
[Result "0-1"]
[WhiteElo "1974"]
[BlackElo "2220"]
[PlyCount "100"]
[EventDate "2016.04.20"]
[EventType "swiss"]
[EventRounds "9"]
[EventCountry "PER"]
[SourceTitle "CBM 172 Extra"]
[Source "ChessBase"]
[SourceDate "2016.06.21"]
[SourceVersion "1"]
[SourceVersionDate "2016.06.21"]
[SourceQuality "1"]

1. d4 Nf6 2. Bg5 Ne4 3. Bf4 d5 4. f3 Nf6 5. c3 c5 6. e3 Nc6 7. Nd2 h6 8. Bg3 e6 9. Bd3 Bd6 10. Ne2 e5 11. 0-0 0-0 12. Kh1 Nh5 13. Bf2 exd4 14. exd4 c4 15. Bc2 a6 16. g4 Nf4 17. Nxf4 Bxf4 18. Bg3 Qg5 19. Bxf4 Qxf4 20. Qe1 Bd7 21. Qf2 Rae8 22. Rfe1 Bxg4 23. Rg1 Bf5 24. Bxf5 Qxf5 25. Rae1 Re6 26. Rg2 Rfe8 27. Reg1 g6 28. Nf1 Kh7 29. Ng3 Qf4 30. Nf1 h5 31. Qg3 Qxg3 32. hxg3 b5 33. g4 hxg4 34. Rxg4 Re2 35. R4g2 Rxg2 36. Rxg2 Re1 37. Rf2 Ne7 38. Kg2 Nf5 39. Ng3 Ne3+ 40. Kh3 Rb1 41. Kh4 Kg7 42. Rd2 Nd1 43. Ne2 Kf6 44. Kg3 g5 45. f4 Rxb2 46. fxg5+ Kf5 47. Rxb2 Nxb2 48. Nf4 Ke4 49. Ne6 Nd1 50. Nd8 Nxc3 0-1

[Event "PER-ch U20"]
[Site "Lima"]
[Date "2016.04.21"]
[Round "4"]
[White "Cosme Contreras, Trilce"]
[Black "Cruz Pereyra, Andresantoni"]
[Result "0-1"]
[WhiteElo "1771"]
[BlackElo "1974"]
[PlyCount "37"]
[EventDate "2016.04.20"]
[EventType "swiss"]
[EventRounds "9"]
[EventCountry "PER"]
[SourceTitle "CBM 172 Extra"]
[Source "ChessBase"]
[SourceDate "2016.06.21"]
[SourceVersion "1"]
[SourceVersionDate "2016.06.21"]
[SourceQuality "1"]

1. c4 Nc6 2. Nc3 e5 3. g3 Bc5 4. Bg2 Nf6 5. e3 0-0 6. Nge2 d6 7. 0-0 Bg4 8. h3 Bh5 9. g4 Bg6 10. d4 Bb6 11. d5 Ne7 12. Kh1 Nd7 13. e4 a6 14. a3 Rc8 15. b4 f6 16. Qd3 Bf7 17. Be3 c6 18. Rac1 Bxe3 19. Qxe3 0-1

[Event "Lima Peru Chess"]
[Site "Lima"]
[Date "2014.02.03"]
[Round "6"]
[White "Paredes Lagos, Anthony Javier"]
[Black "Cruz Pereyra, Andresantoni"]
[Result "1/2-1/2"]
[WhiteElo "1842"]
[BlackElo "1936"]
[PlyCount "80"]
[EventDate "2014.01.28"]
[EventType "tourn"]
[EventRounds "11"]
[EventCountry "PER"]
[SourceTitle "EXT 2018"]
[Source "ChessBase"]
[SourceDate "2017.10.13"]
[SourceVersion "1"]
[SourceVersionDate "2017.10.13"]
[SourceQuality "1"]

1. c4 Nc6 2. Nc3 Nf6 3. g3 e5 4. Bg2 d6 5. d3 h6 6. Rb1 g6 7. b4 Bg7 8. e3 0-0 9. Nge2 Ne7 10. Qb3 Kh7 11. 0-0 c6 12. f4 Be6 13. Qc2 Qd7 14. Na4 exf4 15. Nxf4 g5 16. Nxe6 Qxe6 17. Bd2 Ng4 18. Rbe1 Ng6 19. d4 Rae8 20. Qd3 Nf6 21. Nc3 d5 22. cxd5 cxd5 23. Rf5 Rd8 24. Ref1 Kg8 25. Rxf6 Bxf6 26. Bxd5 Rxd5 27. Nxd5 Qxd5 28. Rxf6 Kg7 29. Rf2 Rc8 30. Qb1 Ne7 31. Bc1 Qb5 32. e4 Rc4 33. a3 a5 34. d5 axb4 35. Bb2+ Kg8 36. axb4 Qxb4 37. Qa1 Kf8 38. d6 Qxd6 39. Ba3 Qd4 40. Bb2 Qxe4 1/2-1/2

[Event "Lima Peru Chess"]
[Site "Lima"]
[Date "2014.01.28"]
[Round "1"]
[White "Quirhuayo Chumbe, German Gonzalo"]
[Black "Cruz Pereyra, Andresantoni"]
[Result "1-0"]
[WhiteElo "1859"]
[BlackElo "1936"]
[PlyCount "107"]
[EventDate "2014.01.28"]
[EventType "tourn"]
[EventRounds "11"]
[EventCountry "PER"]
[SourceTitle "EXT 2018"]
[Source "ChessBase"]
[SourceDate "2017.10.13"]
[SourceVersion "1"]
[SourceVersionDate "2017.10.13"]
[SourceQuality "1"]

1. e4 Nc6 2. Nf3 d5 3. exd5 Qxd5 4. Nc3 Qa5 5. d4 Bg4 6. Bb5 a6 7. Bxc6+ bxc6 8. h3 Qh5 9. Qd3 Bxf3 10. gxf3 e6 11. Bf4 Bd6 12. Bg3 Ne7 13. 0-0-0 0-0 14. Rdg1 Rfd8 15. Ne4 Bxg3 16. Rxg3 Qh6+ 17. Kb1 Nf5 18. Rgg1 Rxd4 19. Qc3 e5 20. Qa5 Qf4 21. Qxc7 Qxf3 22. Qxf7+ Kxf7 23. Ng5+ Kf6 24. Nxf3 Rf4 25. Nd2 Rd8 26. Rd1 Kf7 27. Rhf1 Rh4 28. Nf3 Rxd1+ 29. Rxd1 Rf4 30. Nxe5+ Ke6 31. Nxc6 Rxf2 32. b4 Rf4 33. a3 Rf3 34. Rd3 Rxd3 35. cxd3 h5 36. Kc2 Kd5 37. Nb8 g5 38. Kd2 g4 39. hxg4 hxg4 40. Nxa6 g3 41. Ke2 Nd4+ 42. Kf1 Nc2 43. a4 g2+ 44. Kxg2 Ne1+ 45. Kf2 Nxd3+ 46. Ke3 Nb2 47. a5 Kc4 48. Nc7 Kxb4 49. a6 Nc4+ 50. Kd4 Nb6 51. a7 Ka5 52. Kc5 Na8 53. Kc6 Nb6 54. Kb7 1-0

[Event "Lima Santisimo Nombre de Jesus 4"]
[Site "Lima"]
[Date "2013.08.01"]
[Round "4"]
[White "Correa Atucsa, Breiner Roiser"]
[Black "Cruz Pereyra, Andresantoni"]
[Result "1/2-1/2"]
[WhiteElo "1782"]
[BlackElo "1971"]
[PlyCount "87"]
[EventDate "2013.07.31"]
[EventType "swiss"]
[EventRounds "8"]
[EventCountry "PER"]
[SourceTitle "EXT 2024"]
[Source "ChessBase"]
[SourceDate "2023.10.10"]
[SourceVersion "1"]
[SourceVersionDate "2023.10.10"]
[SourceQuality "1"]

1. d4 d5 2. c4 e6 3. e3 Nf6 4. Nf3 Be7 5. Nc3 0-0 6. a3 Nbd7 7. Bd3 dxc4 8. Bxc4 c5 9. 0-0 a6 10. dxc5 Nxc5 11. b4 Ncd7 12. Bb2 b5 13. Be2 Bb7 14. Qb3 Qb6 15. h3 Rac8 16. Rac1 Nd5 17. Rfd1 N7f6 18. Nb1 Rxc1 19. Rxc1 Rc8 20. Rxc8+ Bxc8 21. Nbd2 Qc7 22. Ne1 e5 23. Qc2 Qxc2 24. Nxc2 Bd6 25. Bd3 Be6 26. Ne4 Nxe4 27. Bxe4 f5 28. Bf3 e4 29. Be2 Nb6 30. Nd4 Bd7 31. Kf1 Kf8 32. h4 Ke7 33. Nb3 g6 34. Nc5 Bxc5 35. bxc5 Na4 36. Bd4 Ke6 37. Bd1 Kd5 38. Bb3+ Kc6 39. Bxa4 bxa4 40. Ke1 Kb5 41. Kd2 Kc4 42. Kc2 Bc6 43. g3 h5 44. Bf6 1/2-1/2

[Event "Lima Santisimo Nombre de Jesus 4"]
[Site "Lima"]
[Date "2013.08.01"]
[Round "3"]
[White "Cruz Pereyra, Andresantoni"]
[Black "Lopez Callata, Jorge"]
[Result "1-0"]
[WhiteElo "1971"]
[BlackElo "1823"]
[PlyCount "75"]
[EventDate "2013.07.31"]
[EventType "swiss"]
[EventRounds "8"]
[EventCountry "PER"]
[SourceTitle "EXT 2024"]
[Source "ChessBase"]
[SourceDate "2023.10.10"]
[SourceVersion "1"]
[SourceVersionDate "2023.10.10"]
[SourceQuality "1"]

1. e4 e5 2. Nf3 Nc6 3. Bb5 Nf6 4. 0-0 d6 5. d4 Bd7 6. Nc3 exd4 7. Nxd4 Be7 8. Bxc6 bxc6 9. Qd3 0-0 10. b3 Re8 11. Bb2 Bf8 12. Rae1 g6 13. f4 Bg7 14. Nf3 d5 15. e5 Bf5 16. Qa6 Nh5 17. Nd4 Bd7 18. Nxc6 Re6 19. Nxd8 Rxa6 20. Nb7 Bf8 21. a4 Bc6 22. Rd1 Bxb7 23. Nxd5 Bxd5 24. Rxd5 Rc6 25. c4 Bc5+ 26. Kh1 Rb8 27. Rf3 a5 28. g4 Ng7 29. f5 h5 30. h3 hxg4 31. hxg4 gxf5 32. gxf5 Rh6+ 33. Kg2 Bb4 34. Rd7 Rh5 35. e6 Rxf5 36. exf7+ Kf8 37. Bxg7+ Kxg7 38. Rxf5 1-0

[Event "Lima Santisimo Nombre de Jesus 4"]
[Site "Lima"]
[Date "2013.07.31"]
[Round "2"]
[White "Molina Contreras, David"]
[Black "Cruz Pereyra, Andresantoni"]
[Result "0-1"]
[WhiteElo "1661"]
[BlackElo "1971"]
[PlyCount "42"]
[EventDate "2013.07.31"]
[EventType "swiss"]
[EventRounds "8"]
[EventCountry "PER"]
[SourceTitle "EXT 2024"]
[Source "ChessBase"]
[SourceDate "2023.10.10"]
[SourceVersion "1"]
[SourceVersionDate "2023.10.10"]
[SourceQuality "1"]

1. d4 d5 2. c4 e6 3. Nc3 Nf6 4. cxd5 exd5 5. Bg5 c6 6. Qc2 Be7 7. e3 Nbd7 8. Bd3 Nf8 9. Nge2 Ne6 10. Bh4 g6 11. 0-0 0-0 12. Rad1 Nh5 13. Bxe7 Qxe7 14. Rfe1 f5 15. f3 Qg7 16. f4 Nf6 17. Kh1 Ne4 18. Ng1 g5 19. g3 Rf6 20. Nf3 Bd7 21. Ne5 Be8 0-1

[Event "American Continental 09th"]
[Site "Cochabamba"]
[Date "2013.05.14"]
[Round "10"]
[White "Saavedra, Carlos"]
[Black "Cruz Pereyra, Andresantoni"]
[Result "1/2-1/2"]
[WhiteElo "2179"]
[BlackElo "1947"]
[PlyCount "34"]
[EventDate "2013.05.07"]
[EventType "swiss"]
[EventRounds "11"]
[EventCountry "BOL"]
[SourceTitle "CBM 154 Extra"]
[Source "ChessBase"]
[SourceDate "2013.06.25"]
[SourceVersion "2"]
[SourceVersionDate "2013.06.25"]
[SourceQuality "1"]

1. e4 g6 2. d4 Bg7 3. Nc3 c6 4. f4 Qb6 5. Nf3 d5 6. e5 Bg4 7. Be2 Bxf3 8. Bxf3 h5 9. 0-0 e6 10. Rb1 Nh6 11. Be3 Nd7 12. Bf2 Nf5 13. g3 Qd8 14. Be2 Qe7 15. Bd3 Nb6 16. Qe2 Bh6 17. b3 Qb4 1/2-1/2

[Event "American Continental 09th"]
[Site "Cochabamba"]
[Date "2013.05.09"]
[Round "4"]
[White "Cruz Pereyra, Andresantoni"]
[Black "Ferrufino, Boris"]
[Result "1-0"]
[WhiteElo "1947"]
[BlackElo "2211"]
[PlyCount "117"]
[EventDate "2013.05.07"]
[EventType "swiss"]
[EventRounds "11"]
[EventCountry "BOL"]
[SourceTitle "CBM 154 Extra"]
[Source "ChessBase"]
[SourceDate "2013.06.25"]
[SourceVersion "2"]
[SourceVersionDate "2013.06.25"]
[SourceQuality "1"]

1. c4 Nf6 2. Nc3 e6 3. g3 Be7 4. Bg2 0-0 5. d4 d5 6. Nf3 c6 7. 0-0 Nbd7 8. b3 b6 9. Bb2 Bb7 10. Nd2 Kh8 11. e4 dxc4 12. Nxc4 b5 13. Ne3 Qb6 14. d5 cxd5 15. exd5 Bc5 16. Ng4 e5 17. Nxf6 Nxf6 18. Ne4 Nxe4 19. Bxe4 f5 20. Bg2 e4 21. g4 Qh6 22. Qc1 Qxc1 23. Raxc1 Bb6 24. Rfd1 e3 25. Bd4 e2 26. Rd2 Bxd4 27. Rxd4 f4 28. Bf3 Rac8 29. Re1 Rfe8 30. Rxe2 Rxe2 31. Bxe2 a6 32. Rxf4 Bxd5 33. Bf3 g5 34. Rf5 Bxf3 35. Rxf3 Rc2 36. a3 Ra2 37. b4 Kg7 38. Rc3 Kg8 39. Kg2 Kg7 40. Kg3 Kg8 41. f3 Kg7 42. h4 h6 43. hxg5 hxg5 44. f4 gxf4+ 45. Kxf4 Kf7 46. g5 Kg7 47. Ke4 Kf8 48. Kf5 Kg7 49. Ke4 Kf8 50. Kd5 Rg2 51. Kd6 Kg7 52. Kd7 Rxg5 53. Kc7 Kf7 54. Kb7 a5 55. bxa5 b4 56. Rf3+ Ke8 57. a6 Rb5+ 58. Kc6 Ra5 59. Kb7 1-0

[Event "American Continental 09th"]
[Site "Cochabamba"]
[Date "2013.05.08"]
[Round "2"]
[White "Molina, Jorge"]
[Black "Cruz Pereyra, Andresantoni"]
[Result "1/2-1/2"]
[WhiteElo "2144"]
[BlackElo "1947"]
[PlyCount "32"]
[EventDate "2013.05.07"]
[EventType "swiss"]
[EventRounds "11"]
[EventCountry "BOL"]
[SourceTitle "CBM 154 Extra"]
[Source "ChessBase"]
[SourceDate "2013.06.25"]
[SourceVersion "2"]
[SourceVersionDate "2013.06.25"]
[SourceQuality "1"]

1. d4 d5 2. Nf3 e6 3. Bf4 c5 4. c3 Nc6 5. e3 Nf6 6. Nbd2 Bd6 7. Bg3 0-0 8. Bd3 b6 9. 0-0 Bb7 10. Ne5 Ne7 11. Qb1 a5 12. Rd1 Ng6 13. Ndf3 Ba6 14. Nxg6 hxg6 15. Ne5 Bxe5 16. Bxe5 Bxd3 1/2-1/2

[Event "Lima Santisimo Nombre de Jesus 1"]
[Site "Lima"]
[Date "2013.01.31"]
[Round "1"]
[White "Cruz Pereyra, Andresantoni"]
[Black "Ugarelli Ancasi, Juan Carlos"]
[Result "1-0"]
[WhiteElo "1948"]
[BlackElo "1417"]
[PlyCount "55"]
[EventDate "2013.01.31"]
[EventType "swiss"]
[EventRounds "8"]
[EventCountry "PER"]
[SourceTitle "EXT 2024"]
[Source "ChessBase"]
[SourceDate "2023.10.10"]
[SourceVersion "1"]
[SourceVersionDate "2023.10.10"]
[SourceQuality "1"]

1. g3 Nc6 2. Bg2 d5 3. c4 e6 4. a3 Nf6 5. Nf3 g6 6. 0-0 Bg7 7. cxd5 Nxd5 8. Nc3 Nxc3 9. bxc3 0-0 10. Rb1 Rb8 11. d4 Bd7 12. Bf4 b6 13. Qc1 Ne7 14. e4 f5 15. Ne5 fxe4 16. Bxe4 Nd5 17. Bg5 Bf6 18. Bh6 Bg7 19. c4 Bxh6 20. Qxh6 Ne7 21. g4 Qe8 22. Rb3 Bc6 23. Rh3 Rf7 24. Nxc6 Nxc6 25. Bxg6 Qf8 26. Bxh7+ Kh8 27. Bg8+ Kxg8 28. Qh8# 1-0

[Event "Lima Sagrados Corazones Recoleta 2012"]
[Site "Lima"]
[Date "2012.12.23"]
[Round "4"]
[White "Cruz Pereyra, Andresantoni"]
[Black "De la Cruz, Jonathan"]
[Result "1/2-1/2"]
[WhiteElo "1952"]
[BlackElo "1994"]
[PlyCount "20"]
[EventDate "2012.12.22"]
[EventType "swiss"]
[EventRounds "8"]
[EventCountry "PER"]
[SourceTitle "EXT 2024"]
[Source "ChessBase"]
[SourceDate "2023.10.10"]
[SourceVersion "1"]
[SourceVersionDate "2023.10.10"]
[SourceQuality "1"]

1. g3 d5 2. Bg2 c6 3. Nf3 Nf6 4. 0-0 Bf5 5. d3 e6 6. Nbd2 h6 7. b3 Be7 8. Bb2 0-0 9. Re1 Bh7 10. e4 Nbd7 1/2-1/2

[Event "Lima Santisimo Nombre de Jesus 4"]
[Site "Lima"]
[Date "2012.08.05"]
[Round "4"]
[White "Cruz Pereyra, Andresantoni"]
[Black "Rojas, Edgar"]
[Result "0-1"]
[WhiteElo "1940"]
[BlackElo "1654"]
[PlyCount "74"]
[EventDate "2012.08.04"]
[EventType "swiss"]
[EventRounds "8"]
[EventCountry "PER"]
[SourceTitle "EXT 2024"]
[Source "ChessBase"]
[SourceDate "2023.10.10"]
[SourceVersion "1"]
[SourceVersionDate "2023.10.10"]
[SourceQuality "1"]

1. c4 e5 2. Nc3 Nf6 3. g3 Nc6 4. Bg2 Bc5 5. a3 a5 6. Nf3 0-0 7. 0-0 d6 8. d3 h6 9. Bd2 Be6 10. Qc1 Kh7 11. Na2 e4 12. Ne1 Bf5 13. Nc3 Nd4 14. dxe4 Bg4 15. Qd1 a4 16. h3 Be6 17. Nd5 Nb3 18. Rb1 Nxd5 19. exd5 Bf5 20. e4 Bg6 21. Nd3 Re8 22. Re1 f6 23. Nc1 Nxd2 24. Qxd2 f5 25. Qc2 Qg5 26. Nd3 fxe4 27. Nxc5 dxc5 28. Bxe4 Rxe4 29. Rxe4 Re8 30. Rbe1 Rxe4 31. Rxe4 Qf5 32. d6 cxd6 33. f3 Qxf3 34. Rf4 Qxg3+ 35. Qg2 Qxf4 36. Qxb7 Qg3+ 37. Kf1 Bd3# 0-1

[Event "Lima Santisimo Nombre de Jesus 4"]
[Site "Lima"]
[Date "2012.08.04"]
[Round "2"]
[White "Cruz Pereyra, Andresantoni"]
[Black "Fernandez, Roberto1111"]
[Result "1-0"]
[WhiteElo "1940"]
[BlackElo "1520"]
[PlyCount "62"]
[EventDate "2012.08.04"]
[EventType "swiss"]
[EventRounds "8"]
[EventCountry "PER"]
[SourceTitle "EXT 2024"]
[Source "ChessBase"]
[SourceDate "2023.10.10"]
[SourceVersion "1"]
[SourceVersionDate "2023.10.10"]
[SourceQuality "1"]

1. c4 c5 2. Nc3 g6 3. Nf3 Bg7 4. g3 b6 5. Bg2 Bb7 6. 0-0 Nf6 7. a4 Nc6 8. d4 Nxd4 9. Nxd4 Bxg2 10. Kxg2 cxd4 11. Qxd4 0-0 12. Qd3 d6 13. f3 Rc8 14. b3 Nd7 15. Ra2 Nc5 16. Qc2 a5 17. Rd1 Na6 18. Ba3 Qd7 19. Nd5 Rc6 20. Qe4 Re8 21. Qe3 Qb7 22. Rad2 Nc5 23. Nf4 Qb8 24. Nh3 Rc7 25. Nf2 Rd7 26. h4 e5 27. Bxc5 bxc5 28. Ne4 Red8 29. Kf2 Qc7 30. Rd5 Kh8 31. h5 f5 1-0

[Event "Lima op 7th"]
[Site "Lima"]
[Date "2012.08.02"]
[Round "5"]
[White "Principe, Gerson"]
[Black "Cruz Pereyra, Andresantoni"]
[Result "1-0"]
[WhiteElo "2165"]
[BlackElo "1940"]
[PlyCount "79"]
[EventDate "2012.07.31"]
[EventType "swiss"]
[EventRounds "7"]
[EventCountry "PER"]
[SourceTitle "EXT 2013"]
[Source "ChessBase"]
[SourceDate "2012.11.22"]
[SourceVersion "1"]
[SourceVersionDate "2012.11.22"]
[SourceQuality "1"]

1. Nf3 d5 2. c4 Nc6 3. cxd5 Qxd5 4. Nc3 Qd8 5. g3 Nf6 6. Bg2 g6 7. d4 Bg7 8. 0-0 0-0 9. h3 Nd5 10. e4 Nxc3 11. bxc3 e6 12. Be3 Ne7 13. Qc2 c6 14. Rab1 Qa5 15. c4 b6 16. Bd2 Qa6 17. Bb4 Re8 18. Rfd1 Bd7 19. Bd6 c5 20. Qd3 cxd4 21. Nxd4 Rac8 22. Nb5 Bxb5 23. cxb5 Qxa2 24. e5 Nf5 25. Ra1 Qb2 26. Rdb1 Qc2 27. Qxc2 Rxc2 28. Rxa7 Nxd6 29. exd6 Bd4 30. d7 Rd8 31. Ra8 Rxa8 32. Bxa8 Bxf2+ 33. Kf1 Rd2 34. Rb2 Rxb2 35. d8Q+ Kg7 36. Qd6 Ra2 37. Bd5 exd5 38. Qxd5 Rc2 39. Qd3 Ra2 40. Qb3 1-0

[Event "Lima Santisimo Nombre de Jesus 2"]
[Site "Lima"]
[Date "2012.05.15"]
[Round "6"]
[White "Cruz Pereyra, Andresantoni"]
[Black "Guzman Miraval, Christian Andre"]
[Result "1-0"]
[WhiteElo "1902"]
[BlackElo "1682"]
[PlyCount "79"]
[EventDate "2012.05.12"]
[EventType "swiss"]
[EventRounds "8"]
[EventCountry "PER"]
[SourceTitle "EXT 2024"]
[Source "ChessBase"]
[SourceDate "2023.10.10"]
[SourceVersion "1"]
[SourceVersionDate "2023.10.10"]
[SourceQuality "1"]

1. g3 c5 2. Bg2 Nc6 3. Nf3 g6 4. 0-0 Bg7 5. c3 e5 6. e4 Nge7 7. Na3 a6 8. Nc4 d6 9. a4 Be6 10. Ne3 h6 11. Nh4 0-0 12. f4 exf4 13. gxf4 f5 14. exf5 Bxf5 15. Nexf5 gxf5 16. Kh1 Kh7 17. Qh5 Qe8 18. Qf3 Ng6 19. Nxg6 Qxg6 20. Bh3 Rae8 21. d3 Re7 22. Bd2 Rfe8 23. Qd5 Rf8 24. Rae1 Rxe1 25. Rxe1 Qh5 26. Bg2 Rf6 27. b4 cxb4 28. cxb4 Qf7 29. b5 axb5 30. axb5 Nd8 31. Qxf7 Rxf7 32. Bb4 Bf8 33. Ba5 Rd7 34. Re8 Kg7 35. Bh3 Re7 36. Rxe7+ Bxe7 37. Bxf5 Kf6 38. Be4 Ke6 39. Bxd8 Bxd8 40. Bxb7 1-0

[Event "Lima Santisimo Nombre de Jesus 2"]
[Site "Lima"]
[Date "2012.05.15"]
[Round "5"]
[White "Tacuche, Fernando"]
[Black "Cruz Pereyra, Andresantoni"]
[Result "1-0"]
[WhiteElo "1946"]
[BlackElo "1902"]
[PlyCount "49"]
[EventDate "2012.05.12"]
[EventType "swiss"]
[EventRounds "8"]
[EventCountry "PER"]
[SourceTitle "EXT 2024"]
[Source "ChessBase"]
[SourceDate "2023.10.10"]
[SourceVersion "1"]
[SourceVersionDate "2023.10.10"]
[SourceQuality "1"]

1. e4 e6 2. d4 d5 3. Nd2 Be7 4. Bd3 dxe4 5. Nxe4 Nf6 6. Nf3 Nbd7 7. Nxf6+ Bxf6 8. Qe2 c5 9. Be3 cxd4 10. Nxd4 0-0 11. 0-0-0 Qa5 12. Kb1 e5 13. Nb3 Qc7 14. g4 b6 15. Rhg1 Nc5 16. Bxc5 bxc5 17. Qe4 g6 18. Qxa8 Bxg4 19. Qe4 Bxd1 20. Rxd1 Rd8 21. Rg1 Bg7 22. Bc4 Qe7 23. Bd5 Qd6 24. c4 Qf6 25. Qf3 1-0

[Event "Lima Santisimo Nombre de Jesus 2"]
[Site "Lima"]
[Date "2012.05.14"]
[Round "4"]
[White "Cruz Pereyra, Andresantoni"]
[Black "Gallegos, Ricardo"]
[Result "1-0"]
[WhiteElo "1902"]
[BlackElo "1935"]
[PlyCount "109"]
[EventDate "2012.05.12"]
[EventType "swiss"]
[EventRounds "8"]
[EventCountry "PER"]
[SourceTitle "EXT 2024"]
[Source "ChessBase"]
[SourceDate "2023.10.10"]
[SourceVersion "1"]
[SourceVersionDate "2023.10.10"]
[SourceQuality "1"]

1. c4 Nf6 2. Nc3 c5 3. g3 Nc6 4. Bg2 g6 5. d3 Bg7 6. Nf3 d5 7. cxd5 Nxd5 8. Bd2 0-0 9. 0-0 Nxc3 10. Bxc3 Bxc3 11. bxc3 Qd6 12. Qd2 Bd7 13. Qe3 e5 14. Nd2 b6 15. Nc4 Qc7 16. Bxc6 Bxc6 17. Qxe5 Qb7 18. Qf4 Rad8 19. a4 Qc8 20. Ne5 Bb7 21. Ng4 Qe6 22. Rfe1 f6 23. f3 Kg7 24. a5 b5 25. Qc7+ Rd7 26. Qxc5 h5 27. Qe3 Qf7 28. Nf2 Re8 29. Qd2 a6 30. Rab1 h4 31. g4 g5 32. e4 Kg6 33. f4 Kh6 34. Nh3 Rg8 35. fxg5+ fxg5 36. Rf1 Qe6 37. Nf2 Rf8 38. Qe3 Rc8 39. Rbc1 Rdc7 40. d4 Rf7 41. Rcd1 Rf4 42. d5 Qe7 43. h3 Rc4 44. Rd4 Qf7 45. Rxc4 bxc4 46. Kg2 Rf6 47. Rb1 Bxd5 48. exd5 Qxd5+ 49. Ne4 Rf4 50. Qb6+ Kg7 51. Qa7+ Rf7 52. Qd4+ Qxd4 53. cxd4 Rf4 54. Nxg5 c3 55. Ne6+ 1-0